ARRUPE JESUIT UNIVERSITY

CORONAVIRUS -STOP THE SPREAD - CLEAN,DISINFECT,COVER

Aspects of African archaeology : (Record no. 128894)

MARC details
000 -LEADER
fixed length control field 01427cam a2200361 a 4500
001 - CONTROL NUMBER
control field 3086042
003 - CONTROL NUMBER IDENTIFIER
control field ARRUPE
005 - DATE AND TIME OF LATEST TRANSACTION
control field 20190201104712.0
008 - FIXED-LENGTH DATA ELEMENTS--GENERAL INFORMATION
fixed length control field 970213s1996 rh ab b 100 0 eng
010 ## - LIBRARY OF CONGRESS CONTROL NUMBER
LC control number 97980077
020 ## - INTERNATIONAL STANDARD BOOK NUMBER
International Standard Book Number 0908307551
040 ## - CATALOGING SOURCE
Original cataloging agency DLC
Transcribing agency DLC
041 0# - LANGUAGE CODE
Language code of text/sound track or separate title engfre
042 ## - AUTHENTICATION CODE
Authentication code lcode
043 ## - GEOGRAPHIC AREA CODE
Geographic area code f------
050 00 - LIBRARY OF CONGRESS CALL NUMBER
Classification number SPC. GN861
Item number .P36 1996
082 00 - DEWEY DECIMAL CLASSIFICATION NUMBER
Classification number 960/.1
Edition number 21
300 ## - PHYSICAL DESCRIPTION
Other physical details ill., maps ;
Dimensions 25 cm.
110 2# - MAIN ENTRY--CORPORATE NAME
Corporate name or jurisdiction name as entry element Pan-African Association of Pre-History and Related Studies.
Subordinate unit Congress
Number of part/section/meeting (10th :
Date of meeting or treaty signing 1995 :
Location of meeting Harare, Zimbabwe)
9 (RLIN) 44366
245 10 - TITLE STATEMENT
Title Aspects of African archaeology :
Remainder of title papers from the 10th Congress of the PanAfrican Association for Prehistory and Related Studies /
Statement of responsibility, etc edited by Gilbert Pwiti and Robert Soper.
260 ## - PUBLICATION, DISTRIBUTION, ETC. (IMPRINT)
Place of publication, distribution, etc Harare :
Name of publisher, distributor, etc University of Zimbabwe Publications,
Date of publication, distribution, etc 1996.
300 ## - PHYSICAL DESCRIPTION
Extent xiv, 857 p. :
504 ## - BIBLIOGRAPHY, ETC. NOTE
Bibliography, etc Includes bibliographical references.
540 ## - TERMS GOVERNING USE AND REPRODUCTION NOTE
Terms governing use and reproduction In English, with some papers in French.
650 #0 - SUBJECT ADDED ENTRY--TOPICAL TERM
Topical term or geographic name as entry element Prehistoric peoples
Geographic subdivision Africa
General subdivision Congresses.
9 (RLIN) 43920
650 #0 - SUBJECT ADDED ENTRY--TOPICAL TERM
Topical term or geographic name as entry element Excavations (Archaeology)
Geographic subdivision Africa
General subdivision Congresses.
9 (RLIN) 44367
651 #0 - SUBJECT ADDED ENTRY--GEOGRAPHIC NAME
Geographic name Africa
General subdivision Antiquities
-- Congresses.
9 (RLIN) 43922
700 1# - ADDED ENTRY--PERSONAL NAME
Personal name Pwiti, Gilbert.
9 (RLIN) 31769
700 1# - ADDED ENTRY--PERSONAL NAME
Personal name Soper, R. C.
Fuller form of name (Robert C.)
9 (RLIN) 44368
906 ## - LOCAL DATA ELEMENT F, LDF (RLIN)
a 7
b cbc
c origode
d 3
e ncip
f 19
g y-gencatlg
942 ## - ADDED ENTRY ELEMENTS (KOHA)
Source of classification or shelving scheme Library of Congress Classification
Koha item type SPC
Holdings
Withdrawn status Lost status Source of classification or shelving scheme Damaged status Not for loan Collection code Home library Current library Shelving location Date acquired Total Checkouts Full call number Barcode Date last seen Price effective from Koha item type
    Library of Congress Classification     SPECIAL Collection ARRUPE LIBRARY ARRUPE LIBRARY REFERENCE 01/02/2019   SPC. GN861 .P36 1996 46600003579 01/02/2019 01/02/2019 SPC

 

Arrupe Library. PO Box MP320 Mt Pleasant, Harare, Zimbabwe
263 242 745411|librarian@aju.ac.zw